00318nam a2200145Ia 4500003000900000008004100009040001300050040001300063100001900076245003800095250001200133260001300145300000800158490000600166IT-RoPAU120407s9999 xx 000 0 und d aIT-RoPAU cIT-RoPAU aJ. Henri Fabre aLa pianta. Lezioni sulla botanica aMilano  aSonzogno c cm v1